Truyện cổ dân tộc Dao
में बचाया:
| मुख्य लेखक: | |
|---|---|
| स्वरूप: | पुस्तक |
| भाषा: | Vietnamese |
| प्रकाशित: |
H.
Nxb. Khoa học xã hội
2016
|
| विषय: | |
| टैग : |
टैग जोड़ें
कोई टैग नहीं, इस रिकॉर्ड को टैग करने वाले पहले व्यक्ति बनें!
|
| Thư viện lưu trữ: | Mạng thư viện Đại học Đà Nẵng |
|---|
| LEADER | 00818nam a2200277 4500 | ||
|---|---|---|---|
| 001 | 000025072 | ||
| 003 | 21563 | ||
| 005 | 20170428100410.0 | ||
| 008 | 170428s2016 viesd | ||
| 041 | 0 | |a vie | |
| 082 | 1 | 4 | |a 398.209597 |b BA-B |
| 100 | 1 | |a Bàn Thị Ba | |
| 245 | 1 | 0 | |a Truyện cổ dân tộc Dao |c Bàn Thị Ba |
| 260 | |a H. |b Nxb. Khoa học xã hội |c 2016 | ||
| 300 | |a 302 tr. |c 21 cm. | ||
| 500 | |a ĐTTS ghi: Hội Văn nghệ Dân gian Việt Nam | ||
| 650 | 0 | 4 | |a Người Dao (Dân tộc Đông Nam Á) |x Văn hóa dân gian |z Việt Nam |
| 650 | 0 | 4 | |a Văn hóa dân gian |z Việt Nam |
| OWN | |a LSP | ||
| 999 | |a From the UDN01 | ||
| TYP | |a Monograph | ||
| TYP | |a Printed language | ||
| 980 | |a Mạng thư viện Đại học Đà Nẵng | ||